000 00547nam a2200241Ia 4500
005 20260306150213.0
008 008 260114s9999 xx 000 0 eng d
020 _a9798855801156
037 _aEbook
040 _aCRL
040 _beng
040 _cCRL
041 _2eng
041 _aeng
084 _qCRL
245 4 _aThe Politics of Not Speaking
260 _bSUNY Press
260 _c2025
650 _aPhilosophy
856 _uhttps://www.degruyter.com/isbn/9798855801156
942 _cEBOOK
999 _c1694690
_d1694690